Pokemon-Endroits d'Isolarmure - Statistiques

Statistiques générales
  • Ce quiz a été pris 4 fois
  • Le résultat moyen est 9 sur 16
Statistiques - réponses
Lieu d'Isolarmure % Correct
Forêt Flexion
100%
Plage de l'Epreuve
100%
Route de l'Epreuve
100%
Voie des Etirements
100%
Grotte du Pugilat
67%
Ilot Calméole
67%
Mer Align'Ilots
67%
Mer Eau-Hisse
67%
Mer Isol'Ilots
67%
Plaine Salutation
67%
Caverne Pugnacité
33%
Lande Boldair
33%
Mer Calméole
33%
Plaine des Efforts
33%
Lagune Circulaire
0%
Sables de Kudsac
0%
Aucun quiz correspondant
Distribution des résultats
% des personnes avec chaque résultat
Percentile par nombre de réponses
Votre historique - résultats
Vous n’avez pas pris ce quiz